000 00812cam a2200313 4500
008 090401t1995 xxu||||| |||| 00| 0 eng d
020 _a1859350038
035 _a(Sirsi) u52791
041 _aeng
050 _a306.13
100 _aCrook, A. D. H.
245 4 _aThe supply of privately rented homes today and tommorrow.
260 _aYork
_bJoseph Rowntree Foundation
_c1995
300 _a56p. ; 30cm.
350 _a9
650 _aBES
650 _aBUSINESS EXPANSION SCHEME
650 _aHOUSING FINANCE
650 _aHOUSING SUPPLY
650 _aPRIVATE SECTOR HOUSING
650 _aRENTED HOUSING
650 _aRENTS
690 _aHOUSING
700 _aHughes, John
700 _aKemp, Peter A.
710 _aJoseph Rowntree Foundation
_92318
942 _n0
948 _c04/03/1997
999 _c93168
_d93168